Statistiques concernant Les cents livres du siècle

Cliquez ici pour prendre le quiz!

Statistiques générales

  • Ce quiz a été pris 92 fois
  • Le résultat moyen est 17 sur 100

Statistiques - réponses

Auteur(s)Réponse% Correct
Antoine de Saint-ExupéryLe Petit Prince
91%
Albert CamusL'Etranger
91%
George Orwell1984
76%
J. R. R. TolkienLe Seigneur des anneaux
71%
Anne FrankLe Journal d'Anne Frank
66%
Marcel ProustA la recherche du temps perdu
62%
Louis-Ferdinand CélineVoyage au bout de la nuit
53%
John SteinbeckLes Raisins de la colère
51%
Boris VianL'Ecume des jours
48%
Simone de BeauvoirLe Deuxième Sexe
47%
Vladimir NabokovLolita
47%
Umberto EcoLe Nom de la rose
44%
Franz KafkaLe Procès
44%
Alain-FournierLe Grand Meaulnes
41%
Guillaume ApollinaireAlcools
40%
André MalrauxLa Condition humaine
40%
Samuel BecketteEn attendant Godot
37%
Eugène IonescoLa Cantatrice chauve
37%
René Goscinny et Albert UderzoAstérix le Gaulois
35%
Françoise SaganBonjour tristesse
35%
Francis Scott FitzgeraldGatsby le Magnifique
34%
Jules RenardJournal
34%
Primo LeviSi c'est un homme
34%
Raymond QueneauZazie dans le métro
33%
Margaret MitchellAutant en emporte le vent
31%
Aldous HuxleyLe Meilleur des mondes
28%
Arthur Conan DoyleLe Chien des Baskerville
26%
Jacques PrévertParoles
26%
Gabriel Garcia MarquezCent ans de solitude
24%
Jack KerouacSur la route
24%
James JoyceUlysse
23%
Albert CohenBelle du Seigneur
19%
Alexandre SoljenitsyneL'Archipel du Goulag
19%
Ernest HemingwayPour qui sonne le glas
19%
J. D. SalingerL'Attrape-cœurs
17%
H. G. WellsLa Guerre des mondes
16%
Jean GionoLe Hussard sur le toit
15%
André GideLes Faux-monnayeurs
15%
Claude Lévi-StraussTristes Tropiques
15%
Jack LondonMartin Eden
13%
Dino BuzzatiLe Désert des Tartares
12%
VercorsLe Silence de la mer
12%
Louis AragonAurélien
10%
André FranquinGaston Lagaffe
9%
Thomas MannLa Montagne magique
9%
Mikhaïl BoulgakovLe Maître et Marguerite
9%
François MauriacThérèse Desqueyroux
9%
Agatha ChristieLe Meurtre de Roger Ackroyd
8%
André BretonNadja
8%
Virginia WoolfUne chambre à soi
8%
William FaulknerLe Bruit et la Fureur
7%
HergéLe Lotus bleu
7%
Marguerite YourcenarL'Œuvre au noir
7%
Georges BernanosSous le soleil de Satan
7%
Edgar P. JacobsBlake et Mortimer
6%
Ray BradburyChroniques martiennes
6%
Stefan ZweigLa confusion des sentiments
6%
D. H. LawrenceL'Amant de lady Chatterley
6%
Paul ClaudelLe Soulier de satin
6%
Jean-Paul SartreL'Etre et le Néant
6%
Luigi PirandelloSix Personnages en quête d'auteur
6%
Milan KunderaLa Plaisanterie
5%
Georges PerecLa Vie mode d'emploi
5%
Julien GracqLe Rivage des Syrtes
5%
Nathalie SarrauteTropismes
5%
Michel TournierVendredi ou les Limbes du Pacifique
5%
Paul EluardCapitale de la douleur
3%
Jorge Luis BorgesFictions
2%
Michel ButorLa Modification
2%
Joseph ConradLord Jim
2%
Jacques LacanEcrits
1%
Hugo PrattLa Ballade de la mer salée
1%
William StyronLe Choix de Sophie
1%
Roland BarthesLe Degré zéro de l'écriture
1%
Raymond ChandlerLe Grand Sommeil
1%
Alberto MoraviaLe Mépris
1%
J. M. L. Le ClézioLe Procès-verbal
1%
Marguerite DurasLe Ravissement de Lol V. Stein
1%
Hannah ArendtLes Origines du totalitarisme
1%
John Dos PassosManhattan Transfer
1%
Jean GenetNotre-Dame des Fleurs
1%
Sigmund FreudTrois essais sur la théorie sexuelle
1%
Saint-John PerseAmers
0%
Malcolm LowryAu-dessus du volcan
0%
René CharFureur et Mystère
0%
Henry MillerLa Crucifixion en rose
0%
Bertolt BrechtLa Résistible Ascension d'Arturo Ui
0%
Ismail KadareLe Général de l'armée morte
0%
Selma LagerlöfLe Merveilleux Votage de Nils Holgersson à travers la Suède
0%
Rainer Maria RilkeLes Cahiers de Malte Laurids Brigge
0%
Salman RushdieLes Enfants de minuit
0%
Michel FoucaultLes Mots et les Choses
0%
ColetteLes Vrilles de la vigne
0%
Antonin ArtaudLe Théâtre et son double
0%
Robert MusilL'Homme sans qualités
0%
Heinrich BöllL'Honneur perdu de Katharina Blum
0%
Blaise CendrarsMoravagine
0%
James Hadley ChasePas d'orchidées pour miss Blandish
0%
Georges SimenonPietr-le-Letton
0%
Federico Garcia LorcaRomancero gitano
0%

Distribution des résultats

Percentile par nombre de réponses

% des personnes avec chaque résultat

Votre développement - résultats

Vous n’avez pas pris ce quiz